Writing your thesis. (2nd ed.) (Record no. 83282)

MARC details
000 -LEADER
fixed length control field 01579nam a2200277 a 4500
008 - FIXED-LENGTH DATA ELEMENTS--GENERAL INFORMATION
fixed length control field 101026s2008 ||||||||||||||||| || u
020 ## - INTERNATIONAL STANDARD BOOK NUMBER
International Standard Book Number 9781412946896
050 ## - LIBRARY OF CONGRESS CALL NUMBER
Classification number LB 2369 Oli
100 ## - MAIN ENTRY--PERSONAL NAME
Personal name Oliver, Paul
245 10 - TITLE STATEMENT
Title Writing your thesis. (2nd ed.)
Statement of responsibility, etc. by Paul Oliver
250 ## - EDITION STATEMENT
Edition statement 2nd ed.
260 ## - PUBLICATION, DISTRIBUTION, ETC.
Place of publication, distribution, etc. London:
Name of publisher, distributor, etc. SAGE Publications
Date of publication, distribution, etc. 2008
300 ## - PHYSICAL DESCRIPTION
Extent ix, 174p.: ill.
350 ## -
-- 0.00
490 ## -
-- SAGE Study Skills
650 #0 - SUBJECT ADDED ENTRY--TOPICAL TERM
Topical term or geographic name entry element DISSERTATIONS, ACADEMIC
650 #0 - SUBJECT ADDED ENTRY--TOPICAL TERM
Topical term or geographic name entry element REPORT WRITING
650 ## - SUBJECT ADDED ENTRY--TOPICAL TERM
Topical term or geographic name entry element WRITING
650 ## - SUBJECT ADDED ENTRY--TOPICAL TERM
Topical term or geographic name entry element REPORT WRITING--STUDY AND TEACHING (HIGHER)
995 ## -
-- MAIN LIBRARY OPEN ACCESS
-- 0.00
-- 741819
-- CBU-MAIN LIBRARY (Kitwe)
-- 1
-- 0.00
-- LB 2369 Oli
-- 1
-- AVAILABLE
-- Dec 30, 2010
-- 741819
-- Main Library Open Access Collection
995 ## -
-- ANNEX COLLECTION (Main Library)
-- 744404
-- CBU-MAIN LIBRARY (Kitwe)
-- 0.00
-- LB 2369 Oli
-- 5
-- AVAILABLE
-- Sep 10, 2013
-- 744404
-- Annex Low-Usage Collection
995 ## -
-- ANNEX COLLECTION (Main Library)
-- 742747
-- CBU-MAIN LIBRARY (Kitwe)
-- 0.00
-- LB 2369 Oli
-- 6
-- AVAILABLE
-- Feb 3, 2014
-- 742747
-- Annex Low-Usage Collection
995 ## -
-- MAIN LIBRARY OPEN ACCESS
-- 742748
-- CBU-MAIN LIBRARY (Kitwe)
-- 0.00
-- LB 2369 Oli
-- 2
-- AVAILABLE
-- Jul 12, 2012
-- 742748
-- Main Library Open Access Collection
995 ## -
-- MAIN LIBRARY OPEN ACCESS
-- 744403
-- CBU-MAIN LIBRARY (Kitwe)
-- 0.00
-- LB 2369 Oli
-- 4
-- AVAILABLE
-- Sep 10, 2013
-- 744403
-- Main Library Open Access Collection
995 ## -
-- ANNEX COLLECTION (Main Library)
-- 743865
-- CBU-MAIN LIBRARY (Kitwe)
-- 0.00
-- LB 2369 Oli
-- 3
-- AVAILABLE
-- Jun 5, 2013
-- 743865
-- Annex Low-Usage Collection
999 ## -
-- 83282
-- 83282
Holdings
Withdrawn status Lost status Source of classification or shelving scheme Damaged status Not for loan Permanent Location Current Location Shelving location Date acquired Total Checkouts Full call number Barcode Date last seen Copy number Price effective from Koha item type
          CBU-MAIN LIBRARY, KITWE. CBU-MAIN LIBRARY, KITWE.   10/25/2023   LB 2369 Oli 741819 07/03/2024 1 10/25/2023 MONOGRAPH
          CBU-MAIN LIBRARY, KITWE. CBU-MAIN LIBRARY, KITWE.   10/25/2023   LB 2369 Oli 744404 10/25/2023 2 10/25/2023 MONOGRAPH
          CBU-MAIN LIBRARY, KITWE. CBU-MAIN LIBRARY, KITWE.   10/25/2023   LB 2369 Oli 742747 10/25/2023 3 10/25/2023 MONOGRAPH
          CBU-MAIN LIBRARY, KITWE. CBU-MAIN LIBRARY, KITWE.   10/25/2023   LB 2369 Oli 742748 10/25/2023 4 10/25/2023 MONOGRAPH
          CBU-MAIN LIBRARY, KITWE. CBU-MAIN LIBRARY, KITWE.   10/25/2023   LB 2369 Oli 744403 10/25/2023 5 10/25/2023 MONOGRAPH
Withdrawn         CBU-MAIN LIBRARY, KITWE. CBU-MAIN LIBRARY, KITWE.   10/25/2023   LB 2369 Oli 743865 10/25/2023 6 10/25/2023 MONOGRAPH